广西面积最大的12个县级行政区 12 largest counties in Guangxi - Statistics

General Stats
  • This quiz has been taken 15 times
  • The average score is 8 of 12
Answer Stats
面积/km² 地市排名 县区 % Correct
5577 百色1 田林县
83%
4074 贵港1 桂平市
83%
3916 河池3 南丹县
75%
3836 玉林1 博白县
75%
4638 柳州1 融水苗族自治县
67%
4403 来宾1 兴宾区
67%
4088 河池2 都安瑶族自治县
67%
4021 桂林1 全州县
67%
3946 梧州1 藤县
67%
3869 河池4 宜州区
67%
4572 河池1 环江毛南族自治县
58%
3717 百色2 右江区
50%
No matching quizzes found
Score Distribution
Percent of People with Each Score
Percentile by Number Answered
Your Score History
You have not taken this quiz